000 00332nam a22001457a 4500
008 221212b ||||| |||| 00| 0 eng d
020 _a9780130273198
041 _aeng
080 _2FOURTH EDITION
_a7
082 _a7SLA
100 _a19
101 _aART
245 _aWOMEN ARTISTS IN HISTORY
_cSLATKIN WENDY
942 _2udc
_cBK
999 _c59158
_d59158